Κατάλογος Βιβλιοθηκών Mediterranean College

Κανόνες Ανάθεσης και Εκτέλεσης Μελετών, Έργων Προμηθειών και Εργασιών από τους Ο.Τ.Α. (Record no. 5310)

MARC details
000 -LEADER
fixed length control field 01162cam a22001934a 4500
005 - ΗΜΕΡΟΜΗΝΙΑ ΚΑΙ ΩΡΑ ΤΕΛΕΥΤΑΙΑΣ ΕΝΗΜΕΡΩΣΗΣ
Πεδίο ελέγχου 20250605164209.0
008 - FIXED-LENGTH DATA ELEMENTS--GENERAL INFORMATION
Πεδίο ελέγχου σταθερού μήκους 250528s ||||||||||||||||||||||||d
035 ## - SYSTEM CONTROL NUMBER
System control number 20173
020 ## - ISBN
ISBN 9607509331
040 ## - ΠΗΓΗ ΚΑΤΑΛΟΓΟΓΡΑΦΗΣΗΣ
Φορέας πρωτότυπης καταλογογράφησης MC Athens Campus Library
Γλώσσα καταλογογράφησης Ελληνικά, Μοντέρνα (1453-)
Modifying agency MC Athens Campus Library
Κανόνες περιγραφικής καταλογογράφησης AACR2
245 1# - ΤΙΤΛΟΣ ΚΑΙ ΔΗΛΩΣΗ ΥΠΕΥΘΥΝΟΤΗΤΑΣ
Τίτλος Κανόνες Ανάθεσης και Εκτέλεσης Μελετών, Έργων Προμηθειών και Εργασιών από τους Ο.Τ.Α.
260 ## - PUBLICATION, DISTRIBUTION, ETC.
Name of publisher, distributor, etc. Ελληνική Εταιρεία Τοπικής Ανάπτυξης,
Date of publication, distribution, etc. 2000
300 ## - PHYSICAL DESCRIPTION
Extent 136
520 ## - SUMMARY, ETC.
Summary, etc. Πρόλογος, Εισαγωγή, Γενκή Θεώρηση, Περιεχόμενο της Μελέτης, Μελέτες, Γενικά, Ανάθεση Μελετών, Εκπόνηση - Έγκριση (Θεώρηση για τους Ο.Τ.Α.), Εποπτεία, Νομοθεσία Εκτέλεσης Έργων σε Δήμους και Κοινότητες, Προυποθέσεις Εκτέλεσης Έργων, Εκτέλεση Έργων Προμήθειες του Ε.Κ.Π.Ο.Τ.Α., Προμήθειες.
700 1# - ΠΡΟΣΘΕΤΗ ΑΝΑΓΡΑΦΗ--ΦΥΣΙΚΟ ΠΡΟΣΩΠΟ
Personal name Αλεξανδρίτης Π
9 (RLIN) 6225
942 ## - ADDED ENTRY ELEMENTS (KOHA)
Koha item type Books
Holdings
Τύπος τεκμηρίου Βιβλιοθήκη Τρέχουσα τοποθεσία Barcode Αριθμός εισαγωγής Ημερομηνία απόκτησης Ταξιθετικό σύμβολο Αριθμός αντιτύπου Κατάσταση απόσυρσης Κατάσταση χαμένου Κατάσταση κατεστραμμένου Μη δανεισμός Σύνολο δανεισμών Ημερομηνία τελευταίας εμφάνισης Η τιμή ισχύει από
Books MC Athens Campus Library MC Athens Campus Library 9780000053091 6418 05/06/2025 352.14 ALE 1           05/06/2025 05/06/2025

MC Athens Campus Library
Πατησίων 94 & Κοδριγκτώνος 13, 104 34
Πελλήνης 8 & Πατησίων 107, 112 51
Τ: +30 210 8899600

MC Thessaloniki Campus Library
Ίωνος Δραγούμη 21, 54625 | Ίωνος Δραγούμη 15, 54625
Τ: +30 2310 287779 – Τ: +30 2314 440300